| 000 | 00511nam a2200181 4500 | ||
|---|---|---|---|
| 001 | 25690 | ||
| 005 | 20230410124000.0 | ||
| 008 | 060907n1971 dr spa | ||
| 020 | _a0700223770 | ||
| 035 | _9funglode25883 | ||
| 041 | _aEN | ||
| 050 | 1 | 4 | _aLB 17 P917c 1971 |
| 100 | _aPratte, Richard | ||
| 245 | 1 |
_aContemporary theories of education / _cRichard Pratte |
|
| 260 |
_aScranton [Pa.] : _bIntext Educational Publishers, College Division, _c1971 |
||
| 300 | _axii, 338 p | ||
| 942 |
_2lcc _cbk |
||
| 999 |
_c69115 _d69115 |
||